Pocket companion to Guyton and Hall medical physiology (Record no. 83537)
[ view plain ]
| 000 -LEADER | |
|---|---|
| fixed length control field | 00732 a2200241 4500 |
| 003 - CONTROL NUMBER IDENTIFIER | |
| control field | CBULib |
| 005 - DATE AND TIME OF LATEST TRANSACTION | |
| control field | 20231127140313.0 |
| 008 - FIXED-LENGTH DATA ELEMENTS--GENERAL INFORMATION | |
| fixed length control field | 231127b |||||||| |||| 00| 0 eng d |
| 020 ## - INTERNATIONAL STANDARD BOOK NUMBER | |
| International Standard Book Number | 9781455770069 |
| 040 ## - CATALOGING SOURCE | |
| Language of cataloging | English |
| Transcribing agency | CBULib |
| Description conventions | rda |
| 041 ## - LANGUAGE CODE | |
| Language code of text/sound track or separate title | eng |
| 050 ## - LIBRARY OF CONGRESS CALL NUMBER | |
| Classification number | QP 35 Hal |
| 100 ## - MAIN ENTRY--PERSONAL NAME | |
| Personal name | Hall, John E. |
| 245 ## - TITLE STATEMENT | |
| Title | Pocket companion to Guyton and Hall medical physiology |
| Statement of responsibility, etc | / by John E Hall |
| 250 ## - EDITION STATEMENT | |
| Edition statement | Thirteenth edition. |
| 260 ## - PUBLICATION, DISTRIBUTION, ETC. (IMPRINT) | |
| Name of publisher, distributor, etc | Elsevier, |
| Date of publication, distribution, etc | 2016. |
| Place of publication, distribution, etc | Philadelphia : |
| 300 ## - PHYSICAL DESCRIPTION | |
| Extent | xvi, 704 pages : illustrations |
| 336 ## - CONTENT TYPE | |
| Source | rdacontent |
| Content type term | Text | |
| Content type code | txt |
| 337 ## - MEDIA TYPE | |
| Source | rdamedia |
| Media type term | Unmediated | |
| Media type code | n |
| 338 ## - CARRIER TYPE | |
| Source | rdacarrier |
| Carrier type term | Volume |
| Carrier type code | nc |
| 650 #0 - SUBJECT ADDED ENTRY--TOPICAL TERM | |
| Source of heading or term | Library of Congress |
| 9 (RLIN) | 1190 |
| Topical term or geographic name as entry element | PHYSOLOGICAL PHENOMENA |
| 942 ## - ADDED ENTRY ELEMENTS (KOHA) | |
| Source of classification or shelving scheme | |
| Koha item type | MONOGRAPH |
| Withdrawn status | Lost status | Source of classification or shelving scheme | Damaged status | Not for loan | Collection code | Permanent Location | Current Location | Shelving location | Date acquired | Source of acquisition | Cost, normal purchase price | Total Checkouts | Full call number | Barcode | Checked out | Date last seen | Date checked out | Copy number | Price effective from | Koha item type |
|---|---|---|---|---|---|---|---|---|---|---|---|---|---|---|---|---|---|---|---|---|
| Michael Chilufya Sata Collection | CBU-MICHAEL CHILUFYA SATA LIBRARY | CBU-MAIN LIBRARY, KITWE. | General Stacks | 11/27/2023 | DON-BOOKAID | 38.56 | 1 | QP 35 Hal | 905532 | 11/03/2025 | 09/02/2025 | 09/02/2025 | 1 | 11/27/2023 | MONOGRAPH |